00767nab a2200241 uc450000100070000000500170000700800410002403500110006503500210007604000130009704100080011010000410011824500540015965000390021365000200025265000310027265000180030365000350032165000260035665000320038265000180041477300930043278281720240201183900.0021028e19981001 spa  a782817 a(OCoLC)819995731 ccomduadb aspa10aVillamizar Pinto, Hernando4auteaut10aUna Europa nueva y unica en los umbrales del 2000 aIntegración económica - Europa aUnión Europea 7aNacionalismozEuropa2lemb aPlan Marshall aCooperacion economica - Europa aTratado de Maastricht aUnion Economica y Monetaria aEuro (Moneda)0 tLa Tadeo (Bogotá)gVol. 13, No. 59, Oct.-Dic. 1998, p. 32-35w115815x0120-5250092736